VfB Players by Picture (2017/18) - Statistics

General Stats
  • This quiz has been taken 152 times
  • The average score is 10 of 15
Answer Stats
Picture Answer % Correct
Mario Gómez
97%
Benjamin Pavard
88%
Dennis Aogo
80%
Holger Badstuber
79%
Christian Gentner
78%
Timo Baumgartl
72%
Chadrac Akolo
71%
Anastasios Donis
68%
Andreas Beck
65%
Daniel Ginzcek
65%
Emiliano Insúa
64%
Santiago Ascacibar
59%
Marcin Kaminski
55%
Carlos Mané
52%
Orel Mangala
48%
No matching quizzes found
Score Distribution
Percent of People with Each Score
Percentile by Number Answered
Your Score History
You have not taken this quiz